000 00503nmm a2200169Ia 4500
008 251105s9999||||xx |||||||||||||||||und||
020 _a9788497833943
041 _abaq
100 _aUrteaga Garmendia, Joxemari
245 0 _aDiamantezko miraria
264 _a[Madrid, España] :
_bElkar,
_c[Fecha de publicación no identificada]
300 _a208 páginas
490 _aTaupadak
650 _aTeen & Young Adult Fiction
856 _uhttps://public.digitaliapublishing.com/a/85358
942 _cCF
999 _c90605
_d90605